| 000 | 00516nam a22001817a 4500 | ||
|---|---|---|---|
| 999 |
_c4134 _d4091 |
||
| 008 | 200827b ||||| |||| 00| 1 eng d | ||
| 020 | _a9789944756945 | ||
| 041 | _atur | ||
| 050 | _aPL248.A787 | ||
| 100 |
_91282 _aArkan, Hüsnü |
||
| 245 | _aMino'nun Siyah Gülü : Roman | ||
| 250 | _a1.Basım | ||
| 260 |
_aİstanbul: _bKırmızı Kedi Yayınevi, _cEkim 2011 |
||
| 300 | _a252 Sayfa | ||
| 500 | _aKırmızı Kedi Yayınevi ; 91 Türk Edebiyatı ; 16 | ||
| 650 | 0 |
_9145 _aTürk Edebiyatı |
|
| 942 |
_2lcc _cBK |
||